000 00710nam a2200217Ii 4500
003 JO-AjNU
008 230605s9999||||xx |||||||||||||| ||und||
017 _a87/2832
020 _a977-154-018-1
040 _aJO-AjNU
_bara
_erda
_cJO-AjNU
041 _aara
050 1 4 _aPJ6064.I2675.B362 1989
100 3 _aتاليف البقري، أحمد ماهر,
_eauthor
_940001
245 0 0 _aابن القيم اللغوي
264 3 1 _aالاسكندرية: مؤسسة شباب الجامعة، 1989
300 _a349ص
336 _atext
_btxt
_2rdacontent
337 _aunmediated
_bn
_2rdamedia
338 _avolume
_bnc
_2rdacarrier
650 4 _aاللغة العربية-ابن قيم اللغوي
_940002
999 _aA16940
_c20508
_d20508